Country Logic Puzzle - Pairs - Statistics

General Stats
  • This quiz has been taken 19 times
  • The average score is 8 of 12
Answer Stats
Answer % Correct
Niger
89%
Algeria
78%
Kuwait
78%
Luxembourg
67%
São Tomé and Príncipe
67%
Vatican City
67%
Barbados
56%
Djibouti
56%
Guatemala
56%
Marshall Islands
56%
Papua New Guinea
56%
Taiwan
56%
No matching quizzes found
Score Distribution
Percent of People with Each Score
Percentile by Number Answered
Your Score History
You have not taken this quiz